000 00854nam a2200253Ia 4500
003 OSt
005 20220930190857.0
006 a|||||r|||| 00| 0
007 ta
008 220926b |||||||| |||| 00| 0 eng d
024 _a2217
037 _cDissertations
040 _aCRL
_cCRL
_beng
041 _2eng
_aeng
100 _aJain Pradeep Kumar
_9408498
110 _aUniversity of Delhi. Faculty of Medical Sciences. Department of Surgery
245 0 _aComparative evaluation of choledochoduodonostomy and transduodenal sphincteroplasty in biliary decompression
260 _c1989
650 _aSURGERY
700 _a Dr T K Malik Supervisor
_9521074
700 _aUniversity of Delhi. Faculty of Medical Sciences. Department of Surgery
942 _cDIS
_2CC
999 _c893251
_d893251